Practical electrical network automation and communication systems

Spremljeno u:
Bibliografski detalji
Glavni autor: Cobus Strauss
Format: Knjiga
Jezik:Undetermined
Izdano: Amsterdam, The Netherlands Newnes 2003
Teme:
Oznake: Dodaj oznaku
Bez oznaka, Budi prvi tko označuje ovaj zapis!
Thư viện lưu trữ: Trung tâm Học liệu Trường Đại học Cần Thơ
LEADER 00532nam a2200181Ia 4500
001 CTU_58974
008 210402s9999 xx 000 0 und d
082 |a 621.3192 
082 |b S912 
100 |a Cobus Strauss 
245 0 |a Practical electrical network automation and communication systems 
245 0 |c Cobus Strauss 
260 |a Amsterdam, The Netherlands 
260 |b Newnes 
260 |c 2003 
650 |a electric networks,computer networks 
904 |i Minh 
980 |a Trung tâm Học liệu Trường Đại học Cần Thơ